[Event "IECG CE.2003.0.00053 email"]
[Site "IECG email"]
[Date "2003.05.20"]
[Round "?"]
[White "Eleftheriou, Andreas"]
[Black "Salzmann, Peter"]
[Result "1-0"]
[WhiteElo "1300"]
[BlackElo "1250"]
[PlyCount "93"]
[EventDate "2003.05.20"]
[EventType "tourn (corr)"]
[EventRounds "6"]
[SourceTitle "Corr 2008"]
[Source "ChessBase"]
[SourceDate "2008.06.24"]
[SourceVersion "1"]
[SourceVersionDate "2008.06.24"]
[SourceQuality "1"]

1. e4 e5 2. Nf3 Nf6 3. d4 Nxe4 4. Bd3 d5 5. Nxe5 Be7 6. c4 Bb4+ 7. Nd2 0-0 8. 0-0 f6 9. Nef3 Bf5 10. Nb3 dxc4 11. Bxc4+ Kh8 12. a3 Be7 13. Re1 Nd7 14. Nh4 Nd6 15. Nxf5 Nxf5 16. Be6 Nh4 17. Qh5 g5 18. f4 Ng6 19. Qg4 Nb6 20. f5 Nh4 21. g3 Nxf5 22. Bxf5 Rf7 23. Nc5 Bxc5 24. dxc5 Nd5 25. b4 c6 26. Bb2 Rg7 27. Be6 Nc7 28. Rad1 Qf8 29. Rd7 Rxd7 30. Bxd7 h6 31. Rf1 Nd5 32. Be6 Qe7 33. Bxd5 Qe3+ 34. Kh1 cxd5 35. Rxf6 Qe4+ 36. Qxe4 dxe4 37. Rf8+ Kh7 38. Rxa8 Kg6 39. Rxa7 Kf5 40. Rxb7 Ke6 41. Kg2 e3 42. Kf3 h5 43. c6 Kd6 44. c7 Kd7 45. Be5 e2 46. Kxe2 g4 47. Rb8 1-0